000 00570nam a22001817a 4500
005 20160720165851.0
010 _aENG-115475
020 _a9789381384152
_c135.00
035 _aEN-99007
037 _bDBAD/PUB
082 _a395
100 _aGupta,Seema
245 _aCorrect manners & etiquette :
_bdeveloping a pleashing personality /behaviour /
_cby Seema Gupta
260 _aNew Delhi
_bV & S Publishers
_c2016
270 _aF-2/16,Ansari Road,Daryaganj
_bNew Delhi
_e110002
300 _a153p. :
_c21cm(pbk)
_bill
942 _2ddc
_cEN
_h395
_mGUP
999 _c101403
_d101403